[Event "SLO-ch U16"]
[Site "Postojna"]
[Date "2008.03.01"]
[Round "9"]
[White "Sterk, Andraz"]
[Black "Drofenik, Tim"]
[Result "0-1"]
[WhiteElo "1500"]
[BlackElo "1504"]
[PlyCount "48"]
[EventDate "2008.02.24"]
[EventType "swiss"]
[EventRounds "9"]
[EventCountry "SLO"]
[SourceTitle "EXT 2010"]
[Source "ChessBase"]
[SourceDate "2010.11.25"]
[SourceVersion "1"]
[SourceVersionDate "2010.11.25"]
[SourceQuality "1"]

1. e4 e5 2. d4 exd4 3. Qxd4 Nc6 4. Qe3 Bb4+ 5. Bd2 Qe7 6. a3 Bc5 7. Qf3 Nd4 8. Qd3 d5 9. Nc3 dxe4 10. Qg3 Nxc2+ 11. Kd1 Nxa1 12. Nd5 Qd6 13. Nxc7+ Ke7 14. Nxa8 Qxg3 15. hxg3 Bd6 16. Bc4 Be6 17. Rh4 Bxc4 18. Rxe4+ Be6 19. Bb4 Nf6 20. Bxd6+ Kxd6 21. Rb4 Rxa8 22. Rxb7 Bd5 23. Rxf7 Bxf7 24. b4 Rc8 0-1

[Event "SLO-ch U16"]
[Site "Postojna"]
[Date "2008.02.26"]
[Round "4"]
[White "Zajc, Jan"]
[Black "Drofenik, Tim"]
[Result "1-0"]
[WhiteElo "1620"]
[BlackElo "1504"]
[PlyCount "43"]
[EventDate "2008.02.24"]
[EventType "swiss"]
[EventRounds "9"]
[EventCountry "SLO"]
[SourceTitle "EXT 2010"]
[Source "ChessBase"]
[SourceDate "2010.11.25"]
[SourceVersion "1"]
[SourceVersionDate "2010.11.25"]
[SourceQuality "1"]

1. e4 e5 2. Nf3 Nc6 3. Bc4 f5 4. d4 fxe4 5. Nxe5 Nxe5 6. dxe5 Bc5 7. Bxg8 Rxg8 8. Qd5 Bxf2+ 9. Kxf2 Rf8+ 10. Kg3 h5 11. Qxe4 Rf7 12. h4 Qe7 13. Bg5 Qc5 14. Nc3 Qf2+ 15. Kh2 c6 16. Rhf1 Qxf1 17. Rxf1 Rxf1 18. Qg6+ Rf7 19. Ne4 Kf8 20. Nd6 Re7 21. Qxh5 Rxe5 22. Qh8# 1-0

[Event "SLO-ch U16"]
[Site "Postojna"]
[Date "2008.02.24"]
[Round "1"]
[White "Drofenik, Tim"]
[Black "Rozic, Samo"]
[Result "0-1"]
[WhiteElo "1504"]
[BlackElo "1880"]
[PlyCount "100"]
[EventDate "2008.02.24"]
[EventType "swiss"]
[EventRounds "9"]
[EventCountry "SLO"]
[SourceTitle "EXT 2010"]
[Source "ChessBase"]
[SourceDate "2010.11.25"]
[SourceVersion "1"]
[SourceVersionDate "2010.11.25"]
[SourceQuality "1"]

1. e4 e6 2. d4 d5 3. e5 c5 4. c3 Qb6 5. Nf3 Bd7 6. Qb3 Nc6 7. Qxb6 axb6 8. Bb5 Na5 9. Na3 cxd4 10. Nxd4 Bxa3 11. bxa3 Nc6 12. f4 Nxd4 13. Bxd7+ Kxd7 14. cxd4 Ne7 15. Ke2 Nc6 16. Kd3 Na5 17. Rb1 Nc4 18. Rb3 Ra4 19. Re1 Rha8 20. Re2 R8a6 21. g4 Nxa3 22. Bxa3 Rxa3 23. f5 Rxb3+ 24. axb3 Ra8 25. Rf2 Rc8 26. fxe6+ Kxe6 27. h4 Rc1 28. h5 Ke7 29. Rf4 h6 30. Kd2 Rc6 31. Kd3 b5 32. Rf3 b4 33. Kd2 Ra6 34. Ke3 Ra2 35. Rf2 Ra6 36. Kf4 Rc6 37. Rf3 b5 38. Re3 Rc3 39. Rf3 Ke6 40. Re3 Rc1 41. Rd3 Re1 42. Kf3 f6 43. exf6 Kxf6 44. Kf4 Re4+ 45. Kg3 Kg5 46. Kh3 Rxg4 47. Rg3 Rxg3+ 48. Kxg3 Kxh5 49. Kf4 g5+ 50. Ke5 g4 0-1

[Event "SLO-ch U16"]
[Site "Murska Sobota"]
[Date "2007.03.02"]
[Round "9"]
[White "Skrinjar, Matic"]
[Black "Drofenik, Tim"]
[Result "1/2-1/2"]
[WhiteElo "1783"]
[BlackElo "1500"]
[PlyCount "60"]
[EventDate "2007.02.25"]
[EventType "swiss"]
[EventRounds "9"]
[EventCountry "SLO"]
[SourceTitle "CBM 117 Extra"]
[Source "ChessBase"]
[SourceDate "2007.05.09"]
[SourceVersion "1"]
[SourceVersionDate "2007.05.09"]
[SourceQuality "1"]

1. e4 e5 2. Nf3 Nc6 3. d4 exd4 4. Bc4 Bc5 5. c3 dxc3 6. Bxf7+ Kxf7 7. Qd5+ Ke8 8. Qxc5 d6 9. Qxc3 Qe7 10. 0-0 Bg4 11. Qb3 Bxf3 12. Qxb7 Nd4 13. Qxa8+ Kd7 14. Qxa7 Qxe4 15. Qa4+ Ke7 16. Qxd4 Qxd4 17. gxf3 Nf6 18. Nc3 Kd7 19. Be3 Qc4 20. Rac1 Rb8 21. b3 Qa6 22. Rc2 Rb7 23. Rd1 Qc6 24. Kg2 Ng4 25. Rdd2 Nxe3+ 26. fxe3 Qc5 27. Ne4 Qxe3 28. Nc5+ Kc8 29. Nxb7 Kxb7 30. Re2 Qg5+ 1/2-1/2

[Event "SLO-ch U16"]
[Site "Murska Sobota"]
[Date "2007.03.01"]
[Round "7"]
[White "Lerher, David"]
[Black "Drofenik, Tim"]
[Result "1-0"]
[WhiteElo "1500"]
[BlackElo "1500"]
[PlyCount "63"]
[EventDate "2007.02.25"]
[EventType "swiss"]
[EventRounds "9"]
[EventCountry "SLO"]
[SourceTitle "CBM 117 Extra"]
[Source "ChessBase"]
[SourceDate "2007.05.09"]
[SourceVersion "1"]
[SourceVersionDate "2007.05.09"]
[SourceQuality "1"]

1. e4 e5 2. Nf3 Nc6 3. Bc4 Bc5 4. Nc3 d6 5. h3 Be6 6. Bb3 Nf6 7. d3 h6 8. Be3 Bb6 9. 0-0 Qd7 10. Nd5 Na5 11. Nxf6+ gxf6 12. Kh2 Nxb3 13. axb3 Ke7 14. Qd2 Rh7 15. Nh4 Bxe3 16. Qxe3 a6 17. f4 Qc6 18. f5 Bd7 19. Qd2 Rg8 20. Rf2 Qc5 21. c4 Rhg7 22. Nf3 Qb6 23. b4 h5 24. Ra5 Qa7 25. d4 b6 26. Ra3 b5 27. c5 exd4 28. Qxd4 Qb7 29. Rd3 Qc6 30. cxd6+ cxd6 31. Rfd2 Bxf5 32. exf5 1-0

[Event "SLO-ch U16"]
[Site "Murska Sobota"]
[Date "2007.02.26"]
[Round "2"]
[White "Lorber, Kristijan"]
[Black "Drofenik, Tim"]
[Result "1-0"]
[WhiteElo "1579"]
[BlackElo "1500"]
[PlyCount "53"]
[EventDate "2007.02.25"]
[EventType "swiss"]
[EventRounds "9"]
[EventCountry "SLO"]
[SourceTitle "CBM 117 Extra"]
[Source "ChessBase"]
[SourceDate "2007.05.09"]
[SourceVersion "1"]
[SourceVersionDate "2007.05.09"]
[SourceQuality "1"]

1. e4 e5 2. Nc3 Bc5 3. Bc4 d6 4. d3 Nc6 5. Nge2 Be6 6. Bb3 Nf6 7. h3 h6 8. 0-0 Qd7 9. Kh2 Nh7 10. f4 0-0-0 11. f5 Bxb3 12. axb3 Nd4 13. Na4 Qc6 14. Nxc5 Qxc5 15. Be3 Qxc2 16. Nxd4 Qxd1 17. Rfxd1 exd4 18. Bxd4 f6 19. Rxa7 Kb8 20. Rda1 b6 21. b4 c5 22. bxc5 dxc5 23. Be3 Nf8 24. Bf4+ Kc8 25. Rc7+ Kb8 26. Rxg7+ Kc8 27. Ra8# 1-0